<?xml version="1.0" encoding="UTF-8"?>
<record
    xmlns:xsi="http://www.w3.org/2001/XMLSchema-instance"
    xsi:schemaLocation="http://www.loc.gov/MARC21/slim http://www.loc.gov/standards/marcxml/schema/MARC21slim.xsd"
    xmlns="http://www.loc.gov/MARC21/slim">

  <leader>01114nam a22002537a 4500</leader>
  <controlfield tag="005">20170124103131.0</controlfield>
  <datafield tag="010" ind1=" " ind2=" ">
    <subfield code="a">B-013056</subfield>
  </datafield>
  <datafield tag="020" ind1=" " ind2=" ">
    <subfield code="c">500.00</subfield>
    <subfield code="a">8176670529</subfield>
  </datafield>
  <datafield tag="035" ind1=" " ind2=" ">
    <subfield code="a">B-013056</subfield>
  </datafield>
  <datafield tag="037" ind1=" " ind2=" ">
    <subfield code="b">Cen Lib/Ret</subfield>
  </datafield>
  <datafield tag="040" ind1=" " ind2=" ">
    <subfield code="a">DPL</subfield>
    <subfield code="b">HN</subfield>
  </datafield>
  <datafield tag="082" ind1=" " ind2=" ">
    <subfield code="a">324.954</subfield>
    <subfield code="b">&#x917;&#x94C;&#x924;&#x92E; </subfield>
  </datafield>
  <datafield tag="100" ind1=" " ind2=" ">
    <subfield code="a">&#x917;&#x94C;&#x924;&#x92E;, &#x92C;&#x94D;&#x930;&#x91C;&#x947;&#x928;&#x94D;&#x926;&#x94D;&#x930; &#x92A;&#x94D;&#x930;&#x924;&#x93E;&#x92A; </subfield>
    <subfield code="9">82770</subfield>
  </datafield>
  <datafield tag="245" ind1=" " ind2=" ">
    <subfield code="a">&#x91C;&#x928;&#x93E;&#x926;&#x947;&#x936; : 13&#x935;&#x940;&#x902; &#x932;&#x94B;&#x915;&#x938;&#x92D;&#x93E; /</subfield>
    <subfield code="c">&#x92C;&#x94D;&#x930;&#x91C;&#x947;&#x928;&#x94D;&#x926;&#x94D;&#x930; &#x92A;&#x94D;&#x930;&#x924;&#x93E;&#x92A; &#x917;&#x94C;&#x924;&#x92E;</subfield>
  </datafield>
  <datafield tag="246" ind1=" " ind2=" ">
    <subfield code="a">Janadesh : 13vi loksabha /</subfield>
    <subfield code="b">by Brajendra Pratap Gautam </subfield>
  </datafield>
  <datafield tag="260" ind1=" " ind2=" ">
    <subfield code="a">&#x926;&#x93F;&#x932;&#x94D;&#x932;&#x940; </subfield>
    <subfield code="b">&#x92D;&#x93E;&#x935;&#x928;&#x93E; &#x92A;&#x94D;&#x930;&#x915;&#x93E;&#x936;&#x928; </subfield>
    <subfield code="c">2000</subfield>
  </datafield>
  <datafield tag="270" ind1=" " ind2=" ">
    <subfield code="a">126, &#x92A;&#x91F;&#x92A;&#x921;&#x93C;&#x917;&#x902;&#x91C; </subfield>
    <subfield code="b">&#x926;&#x93F;&#x932;&#x94D;&#x932;&#x940; </subfield>
    <subfield code="e">110091</subfield>
  </datafield>
  <datafield tag="300" ind1=" " ind2=" ">
    <subfield code="a">506&#x92A;&#x943;.</subfield>
    <subfield code="c">21&#x938;&#x947;&#x92E;&#x940;(&#x938;&#x91C;&#x93F;&#x932;&#x94D;&#x926;)</subfield>
  </datafield>
  <datafield tag="650" ind1=" " ind2=" ">
    <subfield code="a">&#x930;&#x93E;&#x91C;&#x928;&#x940;&#x924;&#x93F;&#x915; &#x926;&#x932;</subfield>
    <subfield code="9">84280</subfield>
  </datafield>
  <datafield tag="650" ind1=" " ind2=" ">
    <subfield code="a">&#x930;&#x93E;&#x91C;&#x928;&#x940;&#x924;&#x93F;&#x915; &#x926;&#x932; -- &#x91A;&#x941;&#x928;&#x93E;&#x935;&#x940; &#x90F;&#x935;&#x902; &#x905;&#x92D;&#x93F;&#x92F;&#x93E;&#x928; </subfield>
    <subfield code="9">84281</subfield>
  </datafield>
  <datafield tag="650" ind1=" " ind2=" ">
    <subfield code="a">Political parties</subfield>
    <subfield code="9">1274</subfield>
  </datafield>
  <datafield tag="650" ind1=" " ind2=" ">
    <subfield code="a">Political parties - electoral and campaign</subfield>
    <subfield code="9">84282</subfield>
  </datafield>
  <datafield tag="942" ind1=" " ind2=" ">
    <subfield code="2">ddc</subfield>
    <subfield code="c">HN</subfield>
    <subfield code="h">324.954</subfield>
    <subfield code="m">&#x917;&#x94C;&#x924;&#x92E; </subfield>
  </datafield>
  <datafield tag="999" ind1=" " ind2=" ">
    <subfield code="c">119306</subfield>
    <subfield code="d">119306</subfield>
  </datafield>
  <datafield tag="952" ind1=" " ind2=" ">
    <subfield code="0">0</subfield>
    <subfield code="1">0</subfield>
    <subfield code="4">0</subfield>
    <subfield code="7">0</subfield>
    <subfield code="a">L</subfield>
    <subfield code="b">L</subfield>
    <subfield code="d">2015-09-16</subfield>
    <subfield code="e">Cen Lib/Ret</subfield>
    <subfield code="g">500.00</subfield>
    <subfield code="l">0</subfield>
    <subfield code="o">324.954 &#x917;&#x94C;&#x924;&#x92E;</subfield>
    <subfield code="p">B-013056</subfield>
    <subfield code="r">2015-09-16 00:00:00</subfield>
    <subfield code="t">1</subfield>
    <subfield code="v">500.00</subfield>
    <subfield code="w">2015-09-16</subfield>
    <subfield code="y">HN</subfield>
  </datafield>
</record>
